<?xml version="1.0" encoding="UTF-8"?>
<record
    xmlns:xsi="http://www.w3.org/2001/XMLSchema-instance"
    xsi:schemaLocation="http://www.loc.gov/MARC21/slim http://www.loc.gov/standards/marcxml/schema/MARC21slim.xsd"
    xmlns="http://www.loc.gov/MARC21/slim">

  <leader>01546nam a2200337   4500</leader>
  <controlfield tag="001">53</controlfield>
  <controlfield tag="003">OSt</controlfield>
  <controlfield tag="005">20250528074010.0</controlfield>
  <controlfield tag="008">250122b        |||||||e |||| 00| 1 eng d</controlfield>
  <datafield tag="040" ind1=" " ind2=" ">
    <subfield code="b">por</subfield>
  </datafield>
  <datafield tag="041" ind1=" " ind2=" ">
    <subfield code="h">spa</subfield>
    <subfield code="a">por</subfield>
  </datafield>
  <datafield tag="082" ind1=" " ind2=" ">
    <subfield code="a">863</subfield>
    <subfield code="b">B467c</subfield>
  </datafield>
  <datafield tag="100" ind1="1" ind2=" ">
    <subfield code="a">Ben&#xED;tez, J. J.,</subfield>
    <subfield code="d">1946-</subfield>
    <subfield code="9">143</subfield>
  </datafield>
  <datafield tag="240" ind1=" " ind2=" ">
    <subfield code="a">Caballo de Troya 4</subfield>
  </datafield>
  <datafield tag="245" ind1=" " ind2=" ">
    <subfield code="a">Opera&#xE7;&#xE3;o Cavalo de Troia: </subfield>
    <subfield code="b">Nazareh /</subfield>
    <subfield code="c">Benitez, J. J. ; Tradu&#xE7;&#xE3;o de Herminio Tricca</subfield>
  </datafield>
  <datafield tag="260" ind1=" " ind2=" ">
    <subfield code="a">S&#xE3;o Paulo</subfield>
    <subfield code="b">Mercuryo</subfield>
    <subfield code="c">1990</subfield>
  </datafield>
  <datafield tag="300" ind1=" " ind2=" ">
    <subfield code="a">378 p.</subfield>
  </datafield>
  <datafield tag="490" ind1="1" ind2=" ">
    <subfield code="a">Cavalo de Troia </subfield>
    <subfield code="v">vol. 04</subfield>
  </datafield>
  <datafield tag="500" ind1=" " ind2=" ">
    <subfield code="a">Cavalo de Troia Nazar&#xE9;</subfield>
  </datafield>
  <datafield tag="520" ind1=" " ind2=" ">
    <subfield code="a">Em 1973, numa opera&#xE7;&#xE3;o ultra-secreta batizada de Cavalo de Tr&#xF3;ia, dois astronautas voltaram no tempo e presenciaram a vida, paix&#xE3;o, morte, ressurrei&#xE7;&#xE3;o e 'ascens&#xE3;o' de Jesus de Nazar&#xE9;. Esta viagem no tempo &#xE9; apresentada no Di&#xE1;rio do Major da For&#xE7;a A&#xE9;rea norte-americana, que chegou &#xE0;s m&#xE3;os do jornalista e investigador J. J. Ben&#xED;tez. Em 'Cavalo de Tr&#xF3;ia 4', o Major investiga a vida de Jesus Cristo dos quatorze aos vinte e seis anos, os chamados anos ocultos do Mestre, em busca de respostas. Em 'Cavalo de Tr&#xF3;ia 4', o leitor conhecer&#xE1; tamb&#xE9;m a verdadeira vers&#xE3;o da ora&#xE7;&#xE3;o Pai-Nosso.</subfield>
  </datafield>
  <datafield tag="650" ind1=" " ind2="0">
    <subfield code="a">Literatura espanhola</subfield>
    <subfield code="9">144</subfield>
  </datafield>
  <datafield tag="650" ind1=" " ind2="0">
    <subfield code="a">Fic&#xE7;&#xE3;o Cient&#xED;fica </subfield>
    <subfield code="9">63</subfield>
  </datafield>
  <datafield tag="650" ind1=" " ind2="0">
    <subfield code="a">Viagem no tempo</subfield>
    <subfield code="9">145</subfield>
  </datafield>
  <datafield tag="650" ind1=" " ind2="0">
    <subfield code="a">A&#xE7;&#xE3;o</subfield>
    <subfield code="9">64</subfield>
  </datafield>
  <datafield tag="650" ind1=" " ind2="0">
    <subfield code="a">Religi&#xE3;o</subfield>
    <subfield code="9">100</subfield>
  </datafield>
  <datafield tag="655" ind1=" " ind2="0">
    <subfield code="a">Romance</subfield>
    <subfield code="9">23</subfield>
  </datafield>
  <datafield tag="655" ind1=" " ind2="0">
    <subfield code="a">Fic&#xE7;&#xE3;o </subfield>
    <subfield code="9">22</subfield>
  </datafield>
  <datafield tag="700" ind1=" " ind2=" ">
    <subfield code="a">Herminio Tricca</subfield>
    <subfield code="e">Tradutor</subfield>
    <subfield code="9">146</subfield>
  </datafield>
  <datafield tag="830" ind1=" " ind2=" ">
    <subfield code="a">Cavalo de Troia</subfield>
    <subfield code="v">vol. 04</subfield>
    <subfield code="9">147</subfield>
  </datafield>
  <datafield tag="942" ind1=" " ind2=" ">
    <subfield code="2">ddc</subfield>
    <subfield code="n">0</subfield>
    <subfield code="c">BK</subfield>
  </datafield>
  <datafield tag="952" ind1=" " ind2=" ">
    <subfield code="0">0</subfield>
    <subfield code="1">0</subfield>
    <subfield code="2">ddc</subfield>
    <subfield code="3">vol. 04</subfield>
    <subfield code="4">0</subfield>
    <subfield code="7">0</subfield>
    <subfield code="8">FIC</subfield>
    <subfield code="a">BIBIB</subfield>
    <subfield code="b">BIBIB</subfield>
    <subfield code="c">LE</subfield>
    <subfield code="d">1991-02-01</subfield>
    <subfield code="e">doa&#xE7;&#xE3;o</subfield>
    <subfield code="l">0</subfield>
    <subfield code="o">863 / B467c</subfield>
    <subfield code="p">2025-8867</subfield>
    <subfield code="r">2025-01-20 08:34:18</subfield>
    <subfield code="t">Ex. 01</subfield>
    <subfield code="w">2025-01-20</subfield>
    <subfield code="y">BK</subfield>
  </datafield>
  <datafield tag="952" ind1=" " ind2=" ">
    <subfield code="0">0</subfield>
    <subfield code="1">0</subfield>
    <subfield code="2">ddc</subfield>
    <subfield code="3">vol. 04</subfield>
    <subfield code="4">0</subfield>
    <subfield code="7">0</subfield>
    <subfield code="8">FIC</subfield>
    <subfield code="a">BIBIB</subfield>
    <subfield code="b">BIBIB</subfield>
    <subfield code="c">LE</subfield>
    <subfield code="d">2008-09-04</subfield>
    <subfield code="e">doa&#xE7;&#xE3;o</subfield>
    <subfield code="l">0</subfield>
    <subfield code="o">863 / B467c</subfield>
    <subfield code="p">2025-13503</subfield>
    <subfield code="r">2025-01-20 08:34:18</subfield>
    <subfield code="t">Ex. 02</subfield>
    <subfield code="w">2025-01-20</subfield>
    <subfield code="y">BK</subfield>
  </datafield>
  <datafield tag="999" ind1=" " ind2=" ">
    <subfield code="c">53</subfield>
    <subfield code="d">53</subfield>
  </datafield>
</record>
